000 00645nam a22002297a 4500
999 _c169770
_d169770
005 20191203143050.0
010 _aB-094576
020 _c00.00
_a8123908377
035 _aB-094576
037 _bCen Lib/Ret
082 _a616.12
_bLUT
100 _aLuthra, Atul
245 _aYou and your heart /
_cby Atul Luthra
246 _b
260 _bCBS Publishers
_c2002
_aNew Delhi
270 _a4596/1-A, Ansari Raod, Darya Ganj
_bNew Delhi
_e110002
300 _axiii,248p. :
_c19cm(Hb)
_bill.
500 _aIncludes index
650 _aThe Human heart
650 _aDiseases -- Heart
942 _2ddc
_cEN
_h616.12
_mLUT